书目信息 |
| 题名: |
高中代数导读与测试
|
|
| 作者: | 《高中代数导读与测试》编写组 | |
| 分册: | 上 | |
| 出版信息: | 济南 明天出版社 1986.02 |
|
| 页数: | 248页 | |
| 开本: | 19cm | |
| 丛书名: | ||
| 单 册: | ||
| 中图分类: | G633.62 | |
| 科图分类: | ||
| 主题词: | 教育--各级 | |
| 电子资源: | ||
| ISBN: | ||
| 000 | 00650nam0 2200205 45 | |
| 001 | 0301070698 | |
| 005 | 20030107065406.9 | |
| 010 | @dCNY1.30 | |
| 091 | @a7333.231 | |
| 100 | @a20030107d1986 km y0chiy0120 ea | |
| 101 | 0 | @achi |
| 105 | @a z 000yy | |
| 200 | 1 | @a高中代数导读与测试@h上@AGao Zhong Dai Shu Dao Du Yu Ce Shi@f《高中代数导读与测试》编写组@F《Gao Zhong Dai Shu Dao Du Yu Ce Shi》Bian Xie Zu |
| 210 | @a济南@c明天出版社@d1986.02 | |
| 215 | @a248页@d19cm | |
| 606 | 0 | @a教育@x各级 |
| 690 | @aG633.62@v3 | |
| 701 | 0 | @a《高中代数导读与测试》编写组 |
| 801 | @aCN@bPftUser@c20030107 | |
| 905 | @f3@b252961-963@f1@b252959@dG633.62@e204:1 | |
| 高中代数导读与测试.上/《高中代数导读与测试》编写组.-济南:明天出版社,1986.02 |
| 248页;19cm |
| ISBN :CNY1.30 |
| ● |
| 相关链接 |
|
|
|
|
正题名:高中代数导读与测试
索取号:G633.62/204:1
 
预约/预借
| 序号 | 登录号 | 条形码 | 馆藏地/架位号 | 状态 | 备注 |
| 1 | 0252959 | 000622669 | 第四借阅区/ [索取号:G633.62/204:1] | 在馆 | |
| 2 | 0252960 | 000623267 | 第一样本阅览室/ [索取号:G633.62/204:1] | 在馆 | |
| 3 | 0252961 | 000622614 | 密集书库/ [索取号:G633.62/204:1] | 在馆 | |
| 4 | 0252962 | 000622687 | 密集书库/ [索取号:G633.62/204:1] | 在馆 | |
| 5 | 0252963 | 000622678 | 密集书库/ [索取号:G633.62/204:1] | 在馆 |